[Event "IOM Open-Masters 2017"]
[Site "Douglas"]
[Date "2017.09.28"]
[Round "6"]
[White "Kiewra, Keaton F"]
[Black "Enkhtuul, Altan-Ulzii"]
[Result "1/2-1/2"]
[WhiteElo "2433"]
[BlackElo "2327"]
[Annotator "TA"]
[PlyCount "156"]
[EventDate "2017.??.??"]
[EventType "swiss"]
[EventCountry "GBR"]
[SourceTitle "playchess.com"]
[Source "ChessBase"]
[SourceQuality "1"]

{[%evp 16,156,0,0,25,35,36,-2,72,0,0,0,211,203,210,214,208,230,260,247,214,159,220,235,221,220,206,208,287,14,341,144,338,325,395,337,344,322,690,734,717,741,733,733,669,660,612,40,59,49,59,0,0,0,0,-10,-25,-97,-100,-87,-88,-166,-159,-164,-165,-291,-291,-291,-291,-291,-291,-291,-291,-291,-291,-291,-291,-291,-291,-284,-245,-204,-70,-70,-70,-70,-70,-70,-66,-66,-11,-60,-31,-31,-26,-70,-70,-70,-70,-70,-70,-70,0,0,0,-70,0,0,0,0,0,-8,-9,-64,-8,-8,0,0,0,0,0,0,0,0,0,0,0,0,0,0,0,0,0,0,0,0,0,0,0,0,0,0,0]} 1. e4 {[%cal Be2e4,Be4e5][%mdl 32]} Nf6 2. e5 Nd5 3. d4 d6 4. Bc4 Nb6 5. Bb3 dxe5 6. Qh5 e6 7. dxe5 a5 8. a4 Na6 9. Nf3 {LiveBook: 21 Games. B03: Alekhine's Defence: Four Pawns Attack} Be7 10. Nc3 Nc5 11. Ba2 {White is slightly better.} O-O (11... Nd5 $11 {remains equal.}) 12. Ng5 (12. O-O $16) 12... h6 $11 {[%cal Re7g5]} 13. Nf3 $40 {[%mdl 128] [#] White mounts an attack.} Bd7 $146 {[#]} (13... Qe8 $11 {and Black stays safe.}) ({Predecessor:} 13... Qe8 14. Be3 Bd7 15. Qg4 Kh7 16. Ne4 Nxe4 17. Qxe4+ Kh8 18. Bb3 {½-½ (99) Kiewra,K (2425)-Zhou,J (2617) Chicago 2016}) 14. Bxh6 $1 $18 {[%mdl 512]} gxh6 15. Qxh6 f5 {White should prevent ...Rf7.} (15... Nbxa4 16. Rd1 $11) 16. g4 Rf7 17. gxf5 Rh7 18. Qf4 {[%mdl 1024] aiming for f6. White has strong compensation.} (18. Rg1+ Kh8 $11) 18... Kh8 (18... Bc6 $16 {might work better.}) 19. O-O-O Bf8 20. h4 Bh6 21. Ng5 {[%cal Rf5e6]} Qe7 22. Qd4 $2 (22. f6 $18 Qe8 23. Nce4 Nxe4 24. Qxe4) 22... Bc6 $2 {[%mdl 8192]} ({Don't play} 22... Nbxa4 $6 23. f6 $16) ({Reject} 22... Ncxa4 $6 23. Nxa4 Bxa4 24. Bxe6 $16) (22... exf5 $11 {and Black has nothing to worry.} 23. Kb1 Bc6 24. Nxh7 Kxh7) 23. Rhg1 (23. f6 $18 {and the rest is easy.} Qf8 24. Rhg1) 23... Qf8 $2 (23... exf5 $16 {was worth a try.} 24. e6+ Rg7) 24. fxe6 Re8 25. Kb1 Bxg5 26. hxg5 {[%cal Bh4g5,Bg5g6][%mdl 32] g6 is the strong threat.} ({Not} 26. Rxg5 Nxe6 27. Bxe6 Rxe6 $18) 26... Nxe6 $2 (26... Kg7 27. e7 Qxe7) 27. Bxe6 Rxe6 28. g6 Rg7 29. Qh4+ Kg8 30. Rd8 Re8 31. Rxe8 $2 (31. Rd3 $18 {Rh3 would kill now.} Qe7 32. Rg5) 31... Qxe8 32. Ne4 Nd7 $1 33. Rh1 (33. Rg3 $14 Rxg6 34. Ng5) 33... Qxg6 $11 34. Qd8+ Kf7 $1 35. Rh8 {[%csl Gh8][%cal Rd8e8]} Ke6 36. Re8+ {[#]} (36. Ng3 $1 $11) 36... Kf5 $1 $17 37. Ng3+ Kg4 38. Rh8 (38. Ne2 $17) 38... Qg5 $19 39. Qxc7 Qxe5 40. Qd8 (40. Qxe5 $142 Nxe5 41. b3) 40... Qe1+ 41. Ka2 Bd5+ 42. b3 Qxf2 43. Qh4+ Kf3 44. Qh1+ Kxg3 45. Qxd5 Qxc2+ 46. Ka3 Qc5+ 47. Qxc5 Nxc5 {[%mdl 4096] Endgame KRN-KR} 48. Rh5 Na6 (48... Rc7 $19 49. b4 Nd3 50. Rxa5 Rc3+ 51. Ka2 Nxb4+ 52. Kb2 Rc7) 49. Rxa5 $15 Kf4 50. Rh5 Ke4 {And now ...Nc7 would win.} 51. a5 Rd7 52. b4 Rd5 (52... Kd4 $15 53. Kb3 Nc7 54. Rh4+ Kd3) 53. Rh4+ Kd3 {Hoping for ...Rd4.} 54. Ka4 Re5 55. b5 Nc7 $1 {White must now prevent ...Re4+.} 56. Rh7 $1 {[%cal Rh7c7]} Re4+ 57. Kb3 Ne6 {Strongly threatening ...Nc5+.} 58. Rh5 Nd4+ (58... Kd4 $15) 59. Kb4 $1 $11 Ne6+ (59... Nc6+ $11 60. Kc5 Nxa5) 60. Kb3 $15 Nd4+ (60... Kd4 $15) 61. Kb4 $1 $11 Nc6+ 62. Kc5 Nxa5 {Threatens to win with ...Re6.} 63. Kb6 Ra4 64. Rh3+ (64. Rh1 $1 $11) 64... Ke2 ({Better is} 64... Kc4 $1 $15) 65. Rh8 {The position is equal.} Kf3 66. Ra8 Nc4+ 67. Kxb7 Nd6+ (67... Rb4 {looks sharper.} 68. Kc6 Ne5+ 69. Kc5 Rb2 70. Re8 Kf4) 68. Kc6 Rxa8 69. Kxd6 {KR-KP} Rd8+ 70. Kc6 Rc8+ 71. Kd6 Rc1 72. b6 Rd1+ 73. Kc7 Rc1+ 74. Kd6 Rb1 75. Kc7 Ke4 76. b7 Rc1+ 77. Kd6 Rb1 78. Kc7 {[#]} Rxb7+ $1 {[%mdl 512] Precision: White = 48%, Black = 42%.} 1/2-1/2

[Event "IOM Open-Masters 2017"]
[Site "Douglas"]
[Date "2017.09.28"]
[Round "6"]
[White "Sundararajan, Kidambi"]
[Black "Brunello, Sabino"]
[Result "1/2-1/2"]
[WhiteElo "2426"]
[BlackElo "2555"]
[Annotator "TA"]
[PlyCount "70"]
[EventDate "2017.??.??"]
[EventType "swiss"]
[EventCountry "GBR"]
[SourceTitle "playchess.com"]
[Source "ChessBase"]
[SourceQuality "1"]

{[%evp 16,70,0,0,0,10,31,23,45,45,39,37,49,16,9,21,41,0,0,-14,-17,-46,-58,-47,-29,-44,-37,-30,-31,-30,-45,-34,-19,-26,-18,-45,-14,-41,-33,-74,-16,-23,-24,-27,-13,-13,-18,-18,0,0,0,0,0,0,0,0,0]} 1. Nf3 d5 2. e3 Nf6 3. c4 e6 4. b3 b6 5. Bb2 Bb7 6. Nc3 Nbd7 7. d4 Bd6 8. Bd3 {[%cal Bf1d3,Bd3c2,Bc2a4][%mdl 32]} O-O 9. O-O dxc4 {E14: Queen's Indian: Classical Variation (4 e3)} (9... a6 10. a4 c5 11. cxd5 exd5 12. Qe2 Re8 13. Rfd1 Qe7 14. Rac1 Ne4 15. Bb1 Rad8 16. h3 Ndf6 17. a5 bxa5 {1-0 (43) Anton Guijarro,D (2650)-Zhigalko,S (2671) Tallinn 2016}) 10. bxc4 e5 {[#] ...e4 is the strong threat.} 11. Bc2 exd4 {White has an edge.} 12. exd4 Re8 13. Qd3 Nf8 14. Ba4 $146 ({Predecessor:} 14. Rfe1 Rxe1+ 15. Rxe1 Ng6 16. d5 Qd7 17. Ne4 Nxe4 18. Qxe4 {½-½ (43) Platonov,I (2435)-Eingorn,V (2470) Tashkent 1980}) 14... Re7 15. Rad1 Qc8 16. Ne5 ({Better is} 16. d5 $14) 16... c5 $11 17. Nb5 Bb8 $1 $36 {[%mdl 2048] Black is more active.} ({Wrong is} 17... Bxe5 $2 18. dxe5 Qc6 19. f3 $18) 18. f4 a6 $1 {[%cal Ra6b5]} 19. Nc3 cxd4 20. Nd5 $1 {[%cal Rd5e7]} Nxd5 21. cxd5 Bxe5 22. fxe5 Bxd5 23. Qxd4 Bxa2 {aiming for ...b5.} 24. Ba3 Rc7 {[#] And now ...b5 would win.} 25. Qxb6 Ne6 26. Rc1 Bd5 27. Rxc7 Qxc7 (27... Nxc7 $17 28. Qd4 Qb7) 28. Qxc7 Nxc7 29. Rd1 {Hoping for Bd6.} Be6 30. Bc6 {The position is equal.} Rc8 31. Bd6 {Threatens to win with Bxc7.} h6 32. Bb7 Rd8 33. Ra1 Nb5 34. Rxa6 Nxd6 35. exd6 g5 {Precision: White = 55%, Black = 70%.} 1/2-1/2

[Event "IOM Open-Masters 2017"]
[Site "Douglas"]
[Date "2017.09.28"]
[Round "6"]
[White "Raja Harshit"]
[Black "Kolbus, Dietmar"]
[Result "1-0"]
[WhiteElo "2423"]
[BlackElo "2320"]
[Annotator "TA"]
[PlyCount "177"]
[EventDate "2017.??.??"]
[EventType "swiss"]
[EventCountry "GBR"]
[SourceTitle "playchess.com"]
[Source "ChessBase"]
[SourceQuality "1"]

{[%evp 16,177,44,38,38,41,42,42,43,37,45,48,40,27,27,32,48,22,41,11,20,10,13,8,7,9,25,6,7,0,22,0,19,13,13,0,26,26,25,22,28,26,87,75,75,81,81,79,82,89,91,93,90,92,92,91,92,83,74,81,83,83,83,0,72,59,77,78,108,108,108,108,108,108,108,108,108,108,108,108,108,108,108,108,108,108,108,33,108,81,108,82,108,108,109,108,115,108,108,88,108,108,114,105,117,85,105,82,105,39,111,0,175,175,175,175,175,175,175,88,88,0,0,0,0,0,123,123,293,248,429,400,474,446,462,460,1463,1426,1360,1211,1196,1050,1044,989,2488,2302,2249,2110,1843,1625,29975,29976,29976,29976,29977,29978,29978,29979,29979,29980,29980,29981,29983,29980]} 1. e4 e5 2. Nf3 Nf6 3. Nxe5 d6 4. Nf3 Nxe4 5. d4 d5 6. Bd3 Bf5 7. O-O Be7 8. Nbd2 Nc6 9. Re1 {[%cal Rd2e4]} Nxd2 {C42: Petroff Defence: 3 Nxe5 and unusual White 3rd moves} 10. Qxd2 Bxd3 11. Qxd3 Qd7 {White is slightly better.} 12. c3 O-O 13. Bf4 Rfe8 (13... Rae8 14. Re2 Bd6 15. Bxd6 Qxd6 16. Rae1 Rxe2 17. Qxe2 h6 18. g3 Rb8 19. Nh4 Qd7 20. g4 {½-½ (37) Vallejo Pons,F (2709)-Li,C (2720) Sharjah 2017}) 14. Re2 Bf8 $146 ({Predecessor:} 14... Bf6 15. Rae1 Rxe2 16. Qxe2 h6 17. h3 Rd8 18. Nh2 Be7 19. Ng4 Re8 20. Bxh6 gxh6 {1-0 (48) Morcin,T (1861)-Boi,P (1714) LSS email 2011}) 15. Rae1 Rxe2 16. Rxe2 Ne7 17. h4 {[%cal Bh2h4,Bh4h5][%mdl 32]} f6 18. Nh2 Ng6 19. Bg3 c6 20. h5 Ne7 21. Bf4 Re8 22. Re3 h6 23. Kf1 Kh8 24. Qe2 Rd8 25. Re6 Nc8 26. Nf3 $36 {[%mdl 2048] Black is under pressure.} Kg8 27. Nh4 Kf7 28. Re3 Re8 (28... Bd6 $11 {remains equal.} 29. Qf3 (29. Bxd6 Nxd6 30. Ng6 Re8 $11) 29... Re8) 29. Rxe8 $1 $16 Qxe8 30. Qg4 Ne7 31. Bd6 Qc8 32. Qg3 Kg8 33. Bxe7 Bxe7 34. Qg6 {aiming for Nf5.} Bf8 35. Nf5 {Threatening mate with Nxh6+.} Kh8 36. Ne3 Qe6 37. b4 Bd6 38. Nf5 {[%csl Gf5][%cal Rg6g7]} Bf8 39. Ne3 Bd6 $1 40. g3 Bf8 41. a4 a6 42. Ke2 Qd7 43. Kf3 Qe6 44. Qg4 Qe8 45. Qf5 Bd6 46. Qg6 Qe6 47. Qg4 Qe8 48. Kg2 Bf8 49. Kf1 Bd6 50. Qg6 Qe6 51. Qf5 ({White should play} 51. Nf5 $16 {[%csl Gf5][%cal Rg6g7]} Bf8 52. Qg4) 51... Qe8 ({Black should try} 51... Qxf5 $1 $14 52. Nxf5 Bc7) 52. Qg4 Bf8 53. Nf5 Kh7 54. Nh4 Kg8 55. Qf5 Kh8 56. Ng6+ Kg8 57. Qf4 Qd8 58. Qg4 {Qe6+ is the strong threat.} Qe8 59. Nf4 Bd6 60. Ne6 {[%csl Ge6][%cal Rg4g7]} Bf8 61. f4 {[%cal Bf2f4,Bf4f5][%mdl 32]} Qd7 62. Qf5 (62. a5 $1 $16) 62... Qe8 (62... b6 $14) 63. Nc7 (63. a5 $16) 63... Qe3 $2 (63... Qf7 $1 $11 {and Black has nothing to worry.} 64. Ne6 Bd6) 64. Qe6+ $18 Qxe6 65. Nxe6 {[%mdl 4096] Endgame KB-KN} Be7 66. f5 $1 Kf7 67. Kf2 (67. a5 $18) 67... b5 $16 68. Ke2 (68. a5 $16) 68... bxa4 $11 {White must now prevent ...a3.} 69. Kd3 Bd6 (69... a3 $5 70. Kc2 $8 Bd6 $11) 70. g4 Ke8 (70... Bg3 $11 {keeps the balance.}) 71. Kc2 $1 $16 Kd7 $2 (71... Bg3 $16) 72. Nxg7 $18 Kc8 $2 {[#]} (72... Ke7 {is a better defense.} 73. Ne6 Bg3) 73. Ne6 $1 Kb7 {[#] intending ...Kb6.} 74. Nc5+ $1 Ka7 75. Nxa4 a5 (75... Be7 $142 76. Nc5 Bf8) 76. bxa5 Bc7 {[#]} 77. Nb6 $1 Ka6 (77... Bxb6 78. axb6+) 78. Nd7 Bd8 79. Nc5+ Kb5 80. a6 {White wants to mate with a7.} Kb6 81. Kb3 Bc7 82. c4 Bd8 83. cxd5 {White mates.} cxd5 84. Ka4 Be7 {[#]} 85. a7 $1 Kxa7 86. Kb5 Kb8 87. Kc6 Kc8 88. Kxd5 Kd8 89. Ke6 {Precision: White = 53%, Black = 51%.} 1-0

[Event "IOM Open-Masters 2017"]
[Site "Douglas"]
[Date "2017.09.28"]
[Round "6"]
[White "Arkell, Keith C"]
[Black "Loew, Gerald"]
[Result "1-0"]
[WhiteElo "2415"]
[BlackElo "2262"]
[Annotator "TA"]
[PlyCount "57"]
[EventDate "2017.??.??"]
[EventType "swiss"]
[EventCountry "GBR"]
[SourceTitle "playchess.com"]
[Source "ChessBase"]
[SourceQuality "1"]

{[%evp 21,57,2,18,4,20,5,23,0,47,43,50,23,27,49,87,81,76,51,153,154,156,84,91,9,207,197,195,197,247,239,233,236,443,440,424,346,853,835]} 1. d4 Nf6 2. Nf3 e6 3. c3 c5 4. Bg5 b6 5. Nbd2 h6 6. Bh4 Bb7 7. e3 Be7 8. Bd3 Nc6 9. O-O O-O 10. Qe2 d6 11. a3 Rc8 {LiveBook: 4 Partien. A46: Damenbauernspiele} (11... Nh5 12. Bxe7 Qxe7 13. Ba6 Nf6 14. Bxb7 Qxb7 15. Rad1 Rfd8 16. Rfe1 Rac8 17. h3 a6 18. Nf1 Na5 19. Ng3 cxd4 20. exd4 {0-1 (62) Beletic,D (2286)-Carlsen,M (2840) chess.com INT 2017}) 12. Rfe1 Qc7 $146 ({Vorgänger:} 12... Re8 13. Rad1 Qc7 14. e4 Nh5 15. Bg3 Nxg3 16. hxg3 e5 17. d5 Nb8 {0-1 (58) Fruestueck,C-Miersch,M (2128) Berlin 2007}) 13. Rac1 Rfe8 {Die Stellung ist ausgeglichen.} 14. h3 cxd4 15. cxd4 Qb8 16. Rc2 Qa8 17. Rec1 Red8 18. e4 Kf8 19. b4 a6 (19... Nb8 $14) 20. Nc4 $1 $36 {[%cal Rc4b6][%mdl 2048] Schwarz muss aufpassen.} Qa7 {[#]} 21. e5 (21. Nxd6 $142 $1 Bxd6 22. e5) 21... dxe5 {[#]} 22. dxe5 (22. Bxf6 $1 $16 gxf6 23. dxe5) 22... Nd5 $2 {[#]} (22... Ne8 $11) 23. Nd6 $1 $18 {[%mdl 512]} Bxd6 24. Bxd8 (24. exd6 Rxd6 25. Ne5 Nde7 $11) 24... Rxd8 25. exd6 Rxd6 26. Be4 Nce7 $2 (26... Qa8 27. Bxd5 exd5) 27. Ne5 {Droht Dh5 und aus.} Qb8 28. Bxd5 Nxd5 $2 (28... Rxd5 29. Rc7 Bc6) 29. Qh5 {Precision: Weiß = 32%, Schwarz = 24%.} 1-0

[Event "IOM Open-Masters 2017"]
[Site "Douglas"]
[Date "2017.09.28"]
[Round "6"]
[White "Wallace, John Paul"]
[Black "Maloberti, David"]
[Result "1-0"]
[WhiteElo "2413"]
[BlackElo "2132"]
[Annotator "TA"]
[PlyCount "113"]
[EventDate "2017.??.??"]
[EventType "swiss"]
[EventCountry "GBR"]
[SourceTitle "playchess.com"]
[Source "ChessBase"]
[SourceQuality "1"]

{[%evp 24,113,0,0,13,13,13,0,31,-20,5,0,17,25,20,18,23,0,48,39,43,48,32,44,56,36,43,0,63,47,112,7,6,0,0,0,0,0,0,0,0,-295,-289,-202,-20,-20,-20,-20,-18,-37,-8,-8,-8,-28,-6,-3,0,0,0,0,0,0,116,113,129,133,134,116,118,114,563,547,498,485,483,485,420,318,311,273,390,390,966,870,1079,1074,1020,1012,6079,5755,29987,29988]} 1. e4 e6 2. d4 d5 3. Nc3 Bb4 4. e5 c5 5. a3 Bxc3+ 6. bxc3 Ne7 7. h4 Qa5 8. Bd2 Qa4 9. h5 {C18: French: 3 Nc3 Bb4: Main line: 7 h4 and 7 Qg4} h6 10. Qg4 Kf8 11. Qd1 b6 12. Rh4 Ba6 13. Nf3 {LiveBook: 3 Games} (13. Bxa6 Qxa6 14. Rf4 Ke8 15. Qf3 Rf8 16. Qg4 Rg8 17. Qf3 Rf8 {½-½ (17) Perunovic,M (2611)-Markus,R (2671) Kragujevac 2017}) 13... Qd7 $146 (13... Bxf1 {is more complex.} 14. Kxf1 c4 15. Rh3 Nbc6 16. Nh4 Ke8) ({Predecessor:} 13... Bxf1 14. Kxf1 cxd4 15. Kg1 Nbc6 16. cxd4 Rc8 {½-½ (37) Nolte,R (2394)-Nay,O (2292) Ho Chi Minh City 2015}) 14. Bxa6 Nxa6 15. a4 Nc6 16. g4 (16. Qe2 $14 Qb7 17. Kf1) 16... Ne7 17. a5 Qb5 18. axb6 axb6 19. Rb1 Qc6 20. Rh3 Kg8 21. g5 hxg5 22. Bxg5 Nf5 23. Nh4 Nc7 24. Qd3 $1 Nh6 25. Rg3 cxd4 (25... Nf5 $11 26. Nxf5 exf5) 26. cxd4 Ra2 (26... Nf5 $14 27. Rh3 Nh6) 27. c3 ({White should play} 27. Bf6 $16 Ne8 28. c3) 27... Nf5 $1 $132 {[%cal Rf5g3][%mdl 2048] Black puts up resistance} 28. Nxf5 exf5 29. Bf6 Ne6 30. Qxf5 Kf8 {aiming for ...Qc4.} 31. Bg5 $1 g6 (31... Rxh5 $5 32. Be7+ $8 Kxe7 33. Qxh5 Qc4 $14) 32. Qf3 $2 {[%mdl 8192]} (32. Qf6 $11 {and White is okay.} Rxh5 33. Kf1) 32... Rxh5 $19 33. Bd2 {[#] With the idea Rxg6.} Rf5 $2 (33... Qc4 $1 $19 {Strongly threatening ...Nf4!} 34. Rg4 {[#]} Nc5 $1 {[%mdl 512]} 35. dxc5 Rxe5+ 36. Be3 Qxc3+ 37. Kf1 Qd3+ 38. Kg2 Rxe3) 34. Qd3 $1 $11 Nf4 35. Bxf4 $1 Rxf4 36. Rf3 $1 {[%cal Rf3f4]} Rh4 37. Kf1 Qe6 38. Kg1 Qg4+ 39. Rg3 Qh5 {( -> ...Rh1+)} 40. Qf3 Qh6 {...Rc2 is the strong threat.} 41. Rf1 Re4 42. Qf6 Qh4 (42... Rae2 $11 {keeps the balance.}) 43. Rxg6 $1 $16 ({Avoid the trap} 43. Qxb6 $2 Rxf2 44. Qd8+ Qxd8 $19) 43... Rg4+ 44. Rxg4 Qxg4+ {[%mdl 4096] Endgame KQR-KQR} 45. Kh2 Qh5+ 46. Kg3 {And now Rb1 would win.} Rc2 $2 {[%mdl 8192]} (46... Qh7 $16 47. Qd8+ (47. Qxb6 Qd3+ 48. Kg2 Qe4+ 49. Kg3 Qd3+ 50. Kg2 Qe4+ 51. Kg3 Qd3+ $11) 47... Kg7) 47. Ra1 $18 {[%cal Ra1a8]} Rxc3+ 48. f3 {White threatens Ra8+ and mate.} Qg6+ 49. Qxg6 fxg6 {KR-KR} 50. Ra8+ Ke7 51. Ra7+ Kd8 (51... Ke6 $142 52. Rb7 Kf5 53. Rf7+ (53. Rxb6 Rd3 $16) 53... Kg5) 52. Kf4 Rc6 $2 (52... Rc7 53. Rxc7 Kxc7) 53. Kg5 Kc8 54. Rg7 b5 55. Rxg6 Rc4 56. e6 Rxd4 57. Rg8+ {Precision: White = 70%, Black = 32%.} 1-0

[Event "IOM Open-Masters 2017"]
[Site "Douglas"]
[Date "2017.09.28"]
[Round "6"]
[White "Degtiarev, Evgeny"]
[Black "Ojas Kulkarni"]
[Result "1-0"]
[WhiteElo "2412"]
[BlackElo "2289"]
[Annotator "TA"]
[PlyCount "69"]
[EventDate "2017.??.??"]
[EventType "swiss"]
[EventCountry "GBR"]
[SourceTitle "playchess.com"]
[Source "ChessBase"]
[SourceQuality "1"]

{[%evp 19,68,0,31,4,4,0,18,22,16,15,22,13,118,116,118,116,127,94,118,112,119,104,123,106,135,127,172,131,206,187,214,209,218,218,412,306,593,560,625,614,577,544,931,681,837,520,520,511,29998,29999,29999]} 1. d4 Nf6 2. c4 g6 3. Nc3 d5 4. cxd5 Nxd5 5. e4 Nxc3 6. bxc3 Bg7 7. Bg5 {D85: Grünfeldindisch (Abtauschvariante, 7.Sf3 bzw nicht 7.Lc4)} (7. Be3 c5 8. Rc1 O-O 9. Qd2 e5 10. d5 Qd6 11. Bd3 f5 12. f3 Nd7 13. Ne2 Nf6 14. c4 fxe4 15. Bxe4 Nxe4 16. fxe4 b6 17. Bf2 {½-½ (60) So,W (2789)-Vachier Lagrave,M (2783) Leuven 2017}) 7... O-O 8. Rc1 c5 9. Nf3 Bg4 10. d5 Qa5 {LiveBook: 4 Partien} 11. Qb3 e6 12. Bc4 $146 {[%cal Rd5e6]} ({Vorgänger:} 12. d6 Bxf3 13. Be7 Bxe4 14. Bxf8 Kxf8 15. Bc4 Bxg2 16. Rg1 Bc6 17. Rg4 Nd7 18. f4 b5 {0-1 (18) Roj,M (2156)-Bednar,M (2199) Czechia 2011}) 12... Bxf3 13. gxf3 {Droht stark Le7.} exd5 14. Bxd5 Nc6 15. Kf1 (15. Qxb7 Ne5 $17) 15... c4 (15... Rac8 $11) 16. Qxc4 $16 ({Viel schlechter ist} 16. Qxb7 $6 Ne5 $11) 16... Rac8 17. Kg2 Kh8 18. h4 h6 19. Be3 ({Vergiftet wäre} 19. Bxf7 $2 Ne5 $19) 19... f5 20. Qc5 $36 {[%mdl 2048] Und Dxa5 würde nun gewinnen. Weiss ist am Drücker.} Qd8 21. Bg5 Qe8 22. Qe3 Kh7 23. Bf4 fxe4 (23... b6 $16 {ist eine bessere Verteidigung.} 24. Bd6 Rf6) 24. Bxe4 $18 ({Auf keinen Fall} 24. fxe4 $6 Ne5 $16) 24... Qf7 25. Bd6 Rfd8 26. Bg3 {Droht h5 und aus.} h5 $2 (26... Kh8 {kämpft weiter.} 27. Rhd1 Qxa2 28. Bxg6 Qg8 29. Rxd8 Rxd8) 27. Qg5 Bh6 $2 (27... Bf6 28. Qxh5+ Kg8 29. Bxg6 Qg7) 28. Qxh5 $1 Kg7 29. Qg4 Bxc1 30. h5 {[%cal Bh4h5,Bh5g6,Bg6g7][%mdl 32]} Bh6 {Schwarz will ...g5 spielen.} 31. hxg6 Qf6 {[#] Schwarz hofft, mit ...Dg5 fortzusetzen.} 32. Rxh6 $1 {[%mdl 512]} Kxh6 {[#]} 33. g7 $1 {[%mdl 512] Droht Matt per Lf4+.} Rg8 (33... Ne7 $18) (33... Qxg7 34. Qh4#) 34. Bf4+ Qxf4 35. Qg6# {Precision: Weiß = 88%, Schwarz = 34%.} 1-0

[Event "IOM Open-Masters 2017"]
[Site "Douglas"]
[Date "2017.09.28"]
[Round "6"]
[White "Tarjan, James"]
[Black "Tregubov, Pavel V"]
[Result "1-0"]
[WhiteElo "2412"]
[BlackElo "2589"]
[Annotator "TA"]
[PlyCount "127"]
[EventDate "2017.??.??"]
[EventType "swiss"]
[EventCountry "GBR"]
[SourceTitle "playchess.com"]
[Source "ChessBase"]
[SourceQuality "1"]

{[%evp 15,127,16,16,1,27,33,40,7,19,12,54,47,68,57,99,81,76,18,79,56,126,100,153,151,156,119,194,182,476,458,513,495,463,327,287,279,312,289,295,308,364,320,306,314,319,315,323,267,257,243,282,258,275,263,312,313,321,303,289,263,333,326,346,346,366,343,336,327,381,384,379,360,331,274,449,442,433,340,412,407,423,430,504,489,479,432,432,293,295,216,230,221,234,167,199,200,493,554,554,508,474,513,463,406,539,483,696,725,6655,6073,5573,4145,29976,29977]} 1. c4 e5 2. Nc3 Nf6 3. Nf3 Nc6 4. g3 Bc5 5. Bg2 d6 6. O-O h6 {A29: English Opening: Four Knights Variation with 4 g3} (6... O-O 7. e3 a6 8. b3 Ba7 9. Bb2 Rb8 10. Nh4 Ne7 11. f4 exf4 12. Rxf4 Ng6 13. Nxg6 hxg6 14. Qc2 Be6 15. Raf1 Nh7 {½-½ (27) Cheparinov,I (2687)-Bruzon Batista,L (2681) Varadero 2016}) 7. e3 O-O 8. d4 Bb6 {LiveBook: 3 Games. The position is equal.} 9. h3 a5 10. b3 Re8 $146 ({Predecessor:} 10... Bf5 11. dxe5 dxe5 12. Ba3 Qxd1 13. Rfxd1 {½-½ (54) Frotscher,T (2234)-Broberg,H (2103) Leipzig 2005}) 11. Bb2 exd4 12. Nxd4 Bxd4 13. exd4 Bf5 14. g4 Bd7 15. f4 {[%cal Bf2f4,Bf4f5,Bf5f6,Bf6g7][%mdl 32]} Nh7 16. Nd5 (16. d5 $16 Nb4 17. a3) 16... Rb8 (16... Nb4 $11 {keeps the balance.}) 17. Qd2 $36 {[%mdl 2048] White has some pressure.} b6 (17... f5 $14) 18. f5 Ne7 ({Better is} 18... Nb4) 19. Nf4 $1 $16 Nc6 20. Nh5 {Strongly threatening f6!} Qh4 {[#]} (20... Qg5 $16 21. Qf2 Qe3 22. Qxe3 Rxe3) 21. f6 $1 $18 {[%cal Rf6g7][%mdl 512]} Ng5 $2 (21... Qg5 {is a better defense.} 22. Qxg5 hxg5 23. fxg7 Nb4) (21... gxf6 22. Qxh6) 22. fxg7 Nxh3+ 23. Bxh3 Qxh3 24. Qf4 Qxg4+ 25. Qxg4 Bxg4 26. Nf6+ Kxg7 27. Nxg4 Re4 28. Nf6 Re2 29. Nh5+ Kf8 30. Rf2 Rbe8 31. Raf1 Rxf2 32. Rxf2 Re1+ 33. Kg2 Rd1 34. Nf4 Ke8 35. Nd5 Kd8 36. Ne3 Re1 37. Kf3 ({Weaker is} 37. Rxf7 Rxe3 38. d5 Nb4 $15) 37... Ne7 38. Rh2 Kd7 39. d5 ({And not} 39. Rxh6 Rxe3+ 40. Kxe3 Nf5+ 41. Kf4 Nxh6 $11) 39... Rb1 40. Bf6 Ng8 41. Bd4 a4 42. bxa4 Rb4 43. a5 bxa5 44. Ke4 a4 $2 (44... Ra4 45. Rf2 Ke8) 45. Kd3 Rb1 46. Kc3 a3 47. Nc2 Rb2 48. Rf2 Ne7 49. Nxa3 Rxf2 50. Bxf2 h5 51. Kd4 h4 52. Ke4 h3 {And now ...h2 would win.} 53. Kf3 c6 54. Bh4 {Bxe7 is the strong threat.} Nf5 55. Bg3 {aiming for Nc2.} cxd5 $2 (55... Ne7 56. dxc6+ Kxc6) 56. cxd5 Ne7 {[#]} 57. Ke4 $1 f5+ 58. Kd4 Ng6 59. Nc2 f4 60. Bh2 Ne5 (60... Kc7 $142 61. Ke4 Kb6) 61. Bxf4 h2 62. Bxh2 Nf3+ {[#]} 63. Ke4 $1 {[%cal Re4f3]} Nxh2 64. Ne3 {Precision: White = 72%, Black = 38%.} 1-0